| 000 | 00314nam a22001217a 4500 | ||
|---|---|---|---|
| 003 | SGT | ||
| 082 |
_a344.0131 _bBAR |
||
| 100 | _aBARE ACT | ||
| 245 | _aTHE CHILD AND ADOLESCENT LABOUR (PROHIBITION AND REGULATION) ACT 1986 | ||
| 260 |
_aGURGAON _bUNIVERSAL/LEXIS NEXIS _c2023 |
||
| 300 | _aVIII,34 | ||
| 942 |
_2ddc _cBK |
||
| 999 |
_c23962 _d23962 |
||